LEADER 01243nam a2200301 u 4500 001 000000049537 003 CaOOAMICUS 005 20070226115124.0 008 000705s1980 enk u000 u mul u 020 $a0934774358 035 $a10851582 040 $aPUL(R)$bita 041 0 $aheb$agrc$aeng 130 0 $aBiblia.$lEbraico.$0(OLS)http://pul/title/5488 245 10$aInterlinear Hebrew Greek English Holy Bible /$cJay Green, general editor and translator. 260 $aLondon :$bThe Trinitarian Bible Society,$c1980. 300 $a946 p. ;$c27 cm 500 $aOne volume carrying edition. 700 1 $aGreen, Jay P.$0(OLS)http://pul/name/35736 730 02$aBiblia.$lGreco.$0(OLS)http://pul/title/5489 730 02$aBiblia.$lInglese.$0(OLS)http://pul/title/1745 850 $aPUL 852 $aPUL$W1$xSL Cons. Gen., Altre Classi 1$y1$m1390 U$j58$nBK-PRI$b $qStampati$B65811$CPULBib$Z2$F65811 $H $81 941 1 $a8 961 $aINV: 0297. Fondo Ciprotti 996 $6020$a0934774358$9(OLS)http://pul/number/62601 996 $6245$aInterlinear Hebrew Greek English Holy Bible$9(OLS)http://pul/title/66785 996 $6260$aLondon :$bThe Trinitarian Bible Society$9(OLS)http://pul/publisher/67372 LEADER 01620nam a2200337 a 4500 001 000000172918 003 CaOOAMICUS 005 20191213143356.0 008 191213s2019 it af u000 u ita r 032 $aLibriCat 035 $a978-88-215-6386-7* 040 $aPUL$bita 041 0 $aita$hrus 100 1 $aFlorenskij, Pavel Aleksandrovi?,$d1882-1937.$0(OLS)http://pul/name/12952 240 10$aStolp i utver?denie istiny.$lItaliano.$0(OLS)http://pul/title/83775 245 13$aLa colonna e il fondamento della verità : $bsaggio di teodicea ortodossa in dodici lettere / $ca cura di Natalino Valentini. 250 $a3a edizione. 260 $aCinisello Balsamo :$bSan Paolo,$c2019. 300 $a816 p., [1] c. di tav. :$bant., ill. ;$c23 cm 490 1 $aClassici del pensiero cristiano ;$v16 500 $aTraduzione di Pietro Modesto riveduta, integrata e corretta da Rossella Zugan e Natalino Valentini. 650 4$aFilosofia della religione.$0(OLS)http://pul/subject/120 700 1 $aZugan, Rossella.$0(OLS)http://pul/name/35991 700 1 $aModesto, Pietro.$0(OLS)http://pul/name/6105 830 0$aClassici del pensiero cristiano ;$v16.$0(OLS)http://pul/title/69849 850 $aPUL 852 $aPUL$W1$xSL Religione 3$y85$m230. 19 FLOPA 1$j196900$qDDC 21$B201660$CPULBib$Z2$F201660 $H133786 $82 941 1 $a9 996 $6245$aLa colonna e il fondamento della verità : $bsaggio di teodicea ortodossa in dodici lettere / $9(OLS)http://pul/title/213954 996 $6260$aCinisello Balsamo :$bSan Paolo$9(OLS)http://pul/publisher/54577